Синтез Ta2N сжиганием в воздухе нанопорошка алюминия с пентаоксидом тантала; Высокие технологии в современной науке и технике (ВТСНТ-2016)

Dettagli Bibliografici
Parent link:Высокие технологии в современной науке и технике (ВТСНТ-2016).— 2016.— [С. 96-97]
Autore principale: Ивахнюк С. В.
Ente Autore: Национальный исследовательский Томский политехнический университет (ТПУ) Институт физики высоких технологий (ИФВТ) Кафедра общей химии и химической технологии (ОХХТ)
Altri autori: Ильин А. П. Александр Петрович (научный руководитель)
Riassunto:Заглавие с титульного экрана
Lingua:russo
Pubblicazione: 2016
Serie:Технологии материалов новых поколений и наноматериалов
Soggetti:
Accesso online:http://earchive.tpu.ru/handle/11683/36449
Natura: MixedMaterials Elettronico Capitolo di libro
KOHA link:https://koha.lib.tpu.ru/cgi-bin/koha/opac-detail.pl?biblionumber=621758

MARC

LEADER 00000naa2a2200000 4500
001 621758
005 20231101133158.0
035 |a (RuTPU)RU\TPU\conf\20374 
035 |a RU\TPU\conf\20372 
090 |a 621758 
100 |a 20170118d2016 k y0rusy50 ca 
101 0 |a rus 
102 |a RU 
105 |a y z 101zy 
135 |a drcn ---uucaa 
181 0 |a i  
182 0 |a b 
200 1 |a Синтез Ta2N сжиганием в воздухе нанопорошка алюминия с пентаоксидом тантала  |f С. В. Ивахнюк  |g науч. рук. А. П. Ильин 
203 |a Текст  |c электронный 
225 1 |a Технологии материалов новых поколений и наноматериалов 
230 |a 1 компьютерный файл (pdf; 268 Kb) 
300 |a Заглавие с титульного экрана 
320 |a [Библиогр.: с. 97 (5 наз.)] 
463 1 |0 (RuTPU)RU\TPU\conf\20333  |t Высокие технологии в современной науке и технике (ВТСНТ-2016)  |o сборник научных трудов V Международной научно-технической конференции молодых ученых, аспирантов и студентов, г. Томск, 5–7 декабря 2016 г.  |f Национальный исследовательский Томский политехнический университет (ТПУ) ; под ред. А. Н. Яковлева  |v [С. 96-97]  |d 2016 
610 1 |a труды учёных ТПУ 
610 1 |a электронные ресурсы 
610 1 |a нанопорошки 
610 1 |a нитрид тантала 
610 1 |a продукты сгорания 
610 1 |a рентгенофазовый анализ 
610 1 |a химический анализ 
610 1 |a синтез сжиганием 
610 1 |a дифференциально-термический анализ 
700 1 |a Ивахнюк  |b С. В. 
702 1 |a Ильин  |b А. П.  |c химик  |c профессор Томского политехнического университета, доктор физико-математических наук  |f 1949-  |g Александр Петрович  |2 stltpush  |4 727 
712 0 2 |a Национальный исследовательский Томский политехнический университет (ТПУ)  |b Институт физики высоких технологий (ИФВТ)  |b Кафедра общей химии и химической технологии (ОХХТ)  |h 7617  |2 stltpush  |3 (RuTPU)RU\TPU\col\21253 
801 2 |a RU  |b 63413507  |c 20170207  |g RCR 
856 4 |u http://earchive.tpu.ru/handle/11683/36449 
942 |c BK